Zhodnotenie vertikálnych fúzií a akvizícií podnikov na Slovensku
Analýzy spájania spoločností ako jednej z možnosti na externý rast spoločnosti. Podstata akvizícií a fúzií, ich motívy a druhy. Analýza vertikálnej fúzie a akvizície. Popis rastúceho významu týchto operácií v Európskej únii.
Gespeichert in:
| 1. Verfasser: | |
|---|---|
| Format: | Buchkapitel |
| Sprache: | Slowakisch |
| Schlagworte: | |
| Tags: |
Keine Tags, Fügen Sie das erste Tag hinzu!
|
MARC
| LEADER | 00000naa$a2200000$$$4500 | ||
|---|---|---|---|
| 001 | 0258193 | ||
| 005 | 20240502083733.1 | ||
| 041 | 0 | |a slo | |
| 044 | |a CZ | ||
| 245 | 1 | 0 | |a Zhodnotenie vertikálnych fúzií a akvizícií podnikov na Slovensku |c Anna Polednáková |
| 520 | |a Analýzy spájania spoločností ako jednej z možnosti na externý rast spoločnosti. Podstata akvizícií a fúzií, ich motívy a druhy. Analýza vertikálnej fúzie a akvizície. Popis rastúceho významu týchto operácií v Európskej únii. | ||
| 610 | 2 | 0 | |a fúzie |
| 610 | 2 | 0 | |a akvizícia |
| 610 | 2 | 0 | |a podnik |
| 610 | 2 | 0 | |a Európska únia |
| 610 | 2 | 0 | |a Slovensko |
| 610 | 2 | 0 | |a hodnota podniku |
| 100 | 1 | |a Polednáková, Anna, 1957- | |